| 000 | 00967nas a2200337 4500 | ||
|---|---|---|---|
| 001 | BR0302288 | ||
| 003 | BR-BrBNA | ||
| 005 | 20231205103749.0 | ||
| 007 | ta | ||
| 008 | 230509b bl.|||p| |||| 00| 00por d | ||
| 040 |
_aBR-BrBNA _bpor _cBiblioteca Nacional de Agricultura |
||
| 041 | _a(Pt) | ||
| 072 | _aP33 | ||
| 100 | 1 | _aCasagrande, J.C. | |
| 100 | 1 | _aAlleoni, L.R.F. | |
| 100 | 1 | _aCamargo, O.A. | |
| 100 | 1 | _aBorges, M. | |
| 245 | 1 | _aAbsorção de fosfato e sulfato em solos com cargas elétricas variáveis | |
| 650 | _aLATOSSOLO VERMELHO | ||
| 650 | _aLATOSSOLO AMARELO | ||
| 650 | _aNITOSSOLO | ||
| 650 | _aAMOSTRAGEM | ||
| 650 | _aADSORÇÃO | ||
| 650 | _aFOSFATO | ||
| 650 | _aSULFATO | ||
| 650 | _aPH | ||
| 650 | _aPOTENCIAL ELÉTRICO | ||
| 773 | 0 |
_tRevista Brasileira de Ciência do Solo (Brazil) _xISSN 0100-0683 _g(Jan-Feb 2003), v. 27(1) p. 51-59 _wBR0302288 |
|
| 909 |
_a202311 _bLúcia _c55 _dLúcia Elande |
||
| 942 |
_2AGRIS _n0 _cANA |
||
| 999 |
_c174605 _d174605 |
||